Statistiken für Europäische Wahrzeichen Karten-Quiz

Klicken Sie hier um das Quiz zu spielen!

Allgemein

  • Dieses Quiz wurde 4.365 mal gespielt
  • Das Durchschnittsergebnis liegt bei 17 aus 24

Antworten auf der Karte

Die Antworten werden auf der Karte rot bzw. grün angezeigt, abhängig davon wie oft sie richtig erraten wurden.
Laden ...
 

Antwortstatistiken

Answer% Korrekt
Eiffelturm
93%
Brandenburger Tor
91%
Big Ben
89%
Akropolis
86%
Loch Ness
86%
Stonehenge
82%
Sognefjord
81%
Kolosseum
77%
Schiefer Turm von Pisa
76%
Van Gogh Museum
76%
Kleine Meerjungfrau
75%
Gardasee
74%
Matterhorn
69%
Hagia Sophia
69%
Dubrovnik
69%
Schloss Schönbrunn
68%
Karlsbrücke
67%
Vesuv
66%
Carcassonne
60%
Camp Nou
60%
Winterpalast
56%
Wawel
54%
Basilius-Kathedrale
49%
Blaue Lagune
47%

Verteilung der Resultate

Perzentil nach korrekt beantworteten Fragen

Anzahl Personen mit jedem Resultat

Ihre Resultats-Entwicklung

Sie haben dieses Quiz noch nicht gespielt